000 00394nam a22001577a 4500
005 20160426144106.0
008 160426b xxu||||| |||| 00| 0 eng d
020 _a81-7014-828-6
041 _aeng
082 _b00121
100 _aKapoor, V.K.
_964
245 _aOperations Research: Techniques for Management
260 _aNew Delhi
_bSultan Chand & Sons,
_c2005
300 _a1026
942 _cBK
999 _c29
_d29